000 00699nam a2200253Ia 4500
003 OSt
005 20220918221645.0
006 a|||||r|||| 00| 0
007 ta
008 220917b |||||||| |||| 00| 0 eng d
024 _a202,404
037 _cTextual
040 _aARTS
_cARTS
_beng
041 _2eng
_aeng
082 _aSN1:(X:8), N8
100 _aTurniansky Bobbie
_9141130
245 0 _aIndividuals and groups in organizations
260 _aLondon
_bSage Publications
_c1998
300 _aviii, 200p
_ccm.
650 _aPSYCHOLOGY
700 _a Hare A Paul
_989358
942 _hSN1:(X:8), N8
_cTEXL
_2CC
999 _c273290
_d273290